000 00722nam a2200181Ia 4500
008 151202s9999||||xx |||||||||||||| ||und||
082 _bPNVM-19478
100 _aशेणोलीकर ह.श्री.
245 _aज्ञानेशांची अमृतवाणी.
260 _b"स्कुल अ‍ॅड कॉलेज बुक स्टॉल, कोल्हापूर."
260 _c0
300 _a230
600 _aशेणोलीकर ह.श्री.
630 _aज्ञानेशांची अमृतवाणी.
700 _aशेणोलीकर ह.श्री.
730 _aज्ञानेशांची अमृतवाणी.
942 _cBOOK
999 _c1285458
_d1285455